[Event "Open"]
[Site "Lido Estensi ITA"]
[Date "2002.06.12"]
[Round "5"]
[White "Rotstein,A"]
[Black "Laketic,G"]
[Result "0-1"]
[WhiteElo "2553"]
[BlackElo "2446"]

1.c4 c6 2.Nf3 d5 3.e3 Nf6 4.Nc3 Nbd7 5.Qc2 e6 6.b3 a6 7.Bb2 Bd6 8.Be2 O-O
9.Rg1 Qe7 10.g4 Ba3 11.h4 Ne8 12.Bxa3 Qxa3 13.g5 b5 14.h5 e5 15.cxd5 cxd5
16.Nxd5 Bb7 17.Nc3 Rc8 18.Qf5 b4 19.Qxd7 Rc7 20.Qd8 bxc3 21.dxc3 Rxc3 22.Qd2 Qc5
23.b4 Qc7 24.Kf1 Rc2 25.Qd1 Nd6 26.Ne1 Rc3 27.Nd3 Ne4 28.Qe1 Rd8 29.Rd1 Rc2
30.g6 Nc3 31.gxf7+ Kf8 32.Nc5 Bc8 33.Rxd8+ Qxd8 34.Bd3 Bh3+ 35.Rg2 Bxg2+
36.Kxg2 Qg5+ 37.Kf1 Qxh5 38.Kg2 Qg4+ 39.Kh2 Qh5+ 40.Kg3 Ne2+ 41.Bxe2 Qxe2
42.Qxe2 Rxe2 43.a4 a5 44.bxa5 Rc2 45.Nd7+ Kxf7 46.a6 Rc7 47.Nxe5+ Kf6 48.Nd3 Rc4
49.Nb2 Rc6 50.a5 Rc5 51.Nd3 Rxa5 52.Nb4 Kf7 53.f4 Ra4 54.Nd5 Rxa6 55.f5 Ra4
56.Kf3 g6 57.fxg6+ Kxg6 58.Nf4+ Kg5 59.Nh3+ Kf5 60.Nf2 Kg5 61.Ne4+ Kf5 62.Nf2 Ra1  0-1

[Event "6th Open"]
[Site "Voronezh RUS"]
[Date "2002.06.12"]
[Round "1"]
[White "Bjorntoft,P"]
[Black "Mozaliov,S"]
[Result "0-1"]
[WhiteElo "2200"]
[BlackElo "2411"]

1.c4 c6 2.e4 d5 3.exd5 cxd5 4.d4 Nf6 5.Nc3 e6 6.Nf3 Bb4 7.cxd5 Nxd5 8.Bd2 O-O
9.Bd3 Be7 10.O-O Nc6 11.a3 Nf6 12.Bg5 b6 13.Re1 Bb7 14.Bc2 Re8 15.Qd3 g6
16.Rad1 Nd5 17.Bc1 Rc8 18.Ba4 a6 19.Ne4 b5 20.Bb3 Na5 21.Ba2 b4 22.Neg5 bxa3
23.Nxf7 Kxf7 24.Ne5+ Kg8 25.Nxg6 Bf6 26.Ne5 axb2 27.Bb1 Rc7 28.Bh6 Nc3 29.Re3 Nxb1
30.Rg3+ Bg7 31.Qxb1 Kh8 32.Bg5 Qd5 33.Ng6+ Kg8 34.Nf4 Qf5 35.Qxb2 Rec8 36.Bh6 Kh8
37.Bxg7+ Rxg7 38.d5 e5 39.Rxg7 Kxg7  0-1

[Event "Open"]
[Site "Lido Estensi ITA"]
[Date "2002.06.13"]
[Round "6"]
[White "Van Hoolandt,P"]
[Black "Genocchio,D"]
[Result "0-1"]
[WhiteElo "2157"]
[BlackElo "2326"]

1.c4 c6 2.Nf3 d5 3.b3 Bg4 4.Ne5 Bf5 5.cxd5 cxd5 6.e3 a6 7.Nc3 f6 8.Nf3 e5
9.d4 e4 10.Nd2 Bb4 11.Bb2 Ne7 12.f3 exf3 13.Qxf3 Qa5 14.Rc1 Nbc6 15.a3 Bxa3
16.Ra1 Nb4 17.Kf2 Nc2 18.Ra2 Qb4 19.Bxa3 Qxc3 20.Bb5+ axb5 21.Bb4 Nxb4 22.Rxa8+ Bc8
23.Qe2 O-O 24.Rha1 Nf5 25.Nf1 Na6 26.Ra2 Qxb3 27.Rc2 Bd7 28.Ra7 Nd6 29.Qd1 Bf5
30.Rc1 Qxd1 31.Rxd1 Rb8 32.Ra1 Nc8  0-1

[Event "3rd IECC"]
[Site "Batumi GEO"]
[Date "2002.06.14"]
[Round "3"]
[White "Priehoda,V"]
[Black "Goloshchapov,A"]
[Result "1/2-1/2"]
[WhiteElo "2425"]
[BlackElo "2543"]

1.c4 c6 2.Nf3 d5 3.d4 e6 4.Qc2 dxc4 5.Qxc4 Nf6 6.g3 b5 7.Qc2 Bb7 8.Bg2 Nbd7
9.Bg5 c5 10.O-O Rc8 11.dxc5 Bxc5 12.Qd3 Qb6 13.Nc3 Ng4 14.Qxb5 Bxf2+ 15.Kh1 Be3
16.h3 h6 17.Qa4 Nf2+ 18.Rxf2 Bxf2 19.Ne5 Rc7 20.Bf4 Bxg2+ 21.Kxg2 Bd4 22.Nxf7 O-O
23.Bxc7 Qb7+ 24.Kh2 Rxf7 25.Qxd4 Qxc7 26.Rd1 Qb7 27.b3 Nf6 28.Rd3 e5 29.Qc4 Kh7
30.Rf3 Rc7 31.Qe6 e4  1/2-1/2

[Event "3rd IECC"]
[Site "Batumi GEO"]
[Date "2002.06.16"]
[Round "5"]
[White "Gurevich,M"]
[Black "Yagupov,I"]
[Result "1-0"]
[WhiteElo "2641"]
[BlackElo "2474"]

1.c4 c6 2.Nf3 d5 3.e3 Nf6 4.Qc2 e6 5.b3 Nbd7 6.Bb2 Bd6 7.Nc3 O-O 8.Be2 b6
9.cxd5 cxd5 10.Nb5 Be7 11.Rc1 a6 12.Nc7 Rb8 13.Nxa6 Ra8 14.Bxf6 Nxf6 15.Nc7 Ra5
16.Nb5 Bd7 17.a4 Qb8 18.Qc7 Bb4 19.Qxb8 Rxb8 20.Ne5 Bxb5 21.Bxb5 Ne4 22.Ke2  1-0

[Event "6th Open"]
[Site "Voronezh RUS"]
[Date "2002.06.19"]
[Round "7"]
[White "Panchenko,AG"]
[Black "Moskalenko,A"]
[Result "1-0"]
[WhiteElo "2383"]
[BlackElo "2265"]

1.c4 c6 2.e4 d5 3.exd5 cxd5 4.cxd5 Nf6 5.Nc3 g6 6.Nf3 Bg7 7.Bb5+ Bd7 8.Bc4 Bg4
9.h3 Bxf3 10.Qxf3 O-O 11.O-O Nbd7 12.d3 Rc8 13.Be3 Nb6 14.Bb3 Nfd7 15.d6 exd6
16.Qxb7 Rc7 17.Qf3 Bxc3 18.bxc3 Ne5 19.Qe2 Rxc3 20.f4 Ned7 21.f5 Ne5 22.Rad1 Qh4
23.fxg6 hxg6 24.Bxb6 axb6 25.d4 Rxb3 26.axb3 Nc6 27.Qe3 d5 28.Rf4 Qg5 29.Qf3 Qe7
30.Qxd5 Qe3+ 31.Rf2 Ne7 32.Qf3 Qe6 33.d5  1-0

[Event "3rd IECC"]
[Site "Batumi GEO"]
[Date "2002.06.20"]
[Round "8"]
[White "Minasian,Ara"]
[Black "Goloshchapov,A"]
[Result "1/2-1/2"]
[WhiteElo "2473"]
[BlackElo "2543"]

1.c4 c6 2.e4 d5 3.exd5 cxd5 4.cxd5 Nf6 5.Nc3 Nxd5 6.Nf3 e6 7.Bc4 Be7 8.O-O O-O
9.d4 Nxc3 10.bxc3 Qc7 11.Qe2 Nd7 12.Re1 b6 13.Bd3 Bb7 14.Bd2 Bd6 15.h3 Bf4
16.Ne5 Nxe5 17.Bxf4 Qc6 18.Be4 Qxe4 19.Qxe4 Bxe4 20.dxe5 Bc2 21.a4 Rac8 22.Be3 Rxc3
23.a5 b5 24.Bxa7 Ra8 25.Bd4 Rc4 26.Bb2 Ba4 27.Rec1 Rxa5 28.Rxc4 bxc4 29.Bc3 Ra8
30.f3 g5 31.Kf2 Kg7 32.g4 Kg6 33.Ra2 h6 34.Kg3 h5 35.Ra1 Ra6  1/2-1/2

[Event "ISYG-W16"]
[Site "Moscow RUS"]
[Date "2002.06.21"]
[Round "4"]
[White "Samaganova,A"]
[Black "Nazarova,A"]
[Result "1/2-1/2"]
[WhiteElo "2041"]
[BlackElo "2068"]

1.c4 c6 2.Nc3 d5 3.e3 Nf6 4.Nf3 a6 5.cxd5 cxd5 6.d4 Nc6 7.Bd3 Bg4 8.h3 Bxf3
9.Qxf3 e6 10.O-O Be7 11.a3 O-O 12.Rd1 Rc8 13.Ne2 Na5 14.b4 Nb3 15.Rb1 Nxc1
16.Rdxc1 Rxc1+ 17.Nxc1 a5 18.bxa5 Qxa5 19.Rxb7 Qxa3 20.Qd1 Rc8 21.Ne2 Bd6
22.Qb1 g6 23.Rb3 Qa5 24.Rb5 Qd8 25.Qb2 Qc7 26.Rb7 Qa5 27.Qb1 Kg7 28.Rb5  1/2-1/2

[Event "3rd IECC"]
[Site "Batumi GEO"]
[Date "2002.06.22"]
[Round "10"]
[White "Ehlvest,J"]
[Black "Yagupov,I"]
[Result "1-0"]
[WhiteElo "2588"]
[BlackElo "2474"]

1.c4 c6 2.e4 d5 3.exd5 cxd5 4.d4 Nf6 5.Nc3 g6 6.Qb3 Bg7 7.cxd5 O-O 8.Be2 Na6
9.Bf3 Qb6 10.Nge2 Qxb3 11.axb3 Nb4 12.O-O Rd8 13.d6 Rxd6 14.Nb5 Rd8 15.Nc7 Rb8
16.Bf4 Bg4 17.Bxg4 Nxg4 18.h3 Nf6 19.Rxa7 Nc6 20.Raa1 Rbc8 21.Nb5 Nd5 22.Bd2 Ra8
23.Ra3 Ra6 24.Rxa6 bxa6 25.Rc1 Ncb4 26.Nc7 Nd3 27.Rc6 Nxc7 28.Rxc7 e5 29.Bg5 f6
30.Be3 Nxb2 31.dxe5 fxe5 32.Nc3 e4 33.Bg5 Rd3 34.Rc8+ Kf7 35.Nxe4 h6 36.Rc7+ Kg8
37.Bf6 Bxf6 38.Nxf6+ Kf8 39.Nd7+ Kg8 40.Ne5 Rd1+ 41.Kh2 Nd3 42.Nxg6 Nxf2
43.Kg3 Ne4+ 44.Kh4 Nd6 45.g4 Nf7 46.Ne7+ Kf8 47.Nf5 Kg8 48.Rc6 Kh7 49.Rxa6 Rd7
50.Re6 Rb7 51.Re7 Rxe7 52.Nxe7  1-0

[Event "Masters"]
[Site "Grenoble FRA"]
[Date "2002.06.25"]
[Round "4"]
[White "Bardel,S"]
[Black "Masserey,Y"]
[Result "0-1"]
[WhiteElo "2291"]
[BlackElo "2340"]

1.c4 c6 2.Nf3 d5 3.d4 Nf6 4.Nc3 dxc4 5.a4 Bf5 6.e3 e6 7.Bxc4 Bb4 8.O-O O-O
9.Qe2 Bg6 10.Ne5 Nbd7 11.Nxg6 hxg6 12.Na2 Bd6 13.f4 c5 14.Nc3 cxd4 15.Nb5 Nb6
16.Bb3 dxe3 17.Bxe3 Nbd5 18.Rad1 a6 19.Nxd6 Qxd6 20.Qf3 Qb4 21.Bd4 Rfd8 22.Rd3 Ne7
23.Rfd1 Nc6 24.Bf2 Rxd3 25.Rxd3 Ne4 26.g3 g5 27.Bc2 Nxf2 28.Qxf2 gxf4 29.gxf4 Rd8
30.Rb3 Qd4 31.Rd3 Qxf2+ 32.Kxf2 Rxd3 33.Bxd3 a5 34.Be4 Kf8 35.Bxc6 bxc6 36.b4 Ke7
37.bxa5 Kd6 38.a6 Kc7 39.Ke3 Kb6 40.Kd4 f6 41.h4 Kxa6 42.h5 Ka5 43.Kc5 e5  0-1

[Event "3rd IECC"]
[Site "Batumi GEO"]
[Date "2002.06.26"]
[Round "13"]
[White "Gashimov,V"]
[Black "Shengelia,D"]
[Result "1-0"]
[WhiteElo "2470"]
[BlackElo "2415"]

1.c4 c6 2.Nf3 Nf6 3.b3 g6 4.Bb2 Bg7 5.g3 O-O 6.Bg2 d6 7.d4 Qa5+ 8.Nc3 e5
9.dxe5 dxe5 10.Nd2 Rd8 11.Qc1 Bh6 12.Ncb1 Bf5 13.Bc3 Qb6 14.O-O Nbd7 15.Qb2 a5
16.h3 Bf8 17.g4 Be6 18.Qc2 a4 19.Nf3 Bb4 20.Nxe5 Bxc3 21.Nxd7 Nxd7 22.Nxc3 axb3
23.axb3 Nc5 24.Rxa8 Rxa8 25.Rb1 Ra3 26.b4 Bxc4 27.Qc1 Rb3 28.bxc5 Qxc5 29.Rxb3 Bxb3
30.Qb2 Be6 31.Ne4 Qe7 32.Nf6+ Kf8 33.Nd5  1-0

[Event "3rd IECC Playoff"]
[Site "Batumi GEO"]
[Date "2002.06.27"]
[Round "1.2"]
[White "Sargissian,G"]
[Black "Volkov,S"]
[Result "1/2-1/2"]
[WhiteElo "2538"]
[BlackElo "2609"]

1.c4 c6 2.e4 d5 3.exd5 cxd5 4.cxd5 Nf6 5.Nf3 Nxd5 6.Bc4 e6 7.O-O Be7 8.Nc3 O-O
9.Re1 Nc6 10.d4 a6 11.a3 b5 12.Ba2 Nxc3 13.bxc3 Bb7 14.Qd3 Rc8 15.Bf4 Bd6
16.Bg5 Ne7 17.Bb1 g6 18.h4 Qc7 19.Bd2 Qc4 20.Ng5 Qxd3 21.Bxd3 Nd5 22.Rec1 Bf4
23.Bxf4 Nxf4 24.Bf1 h6 25.Nf3 Bxf3 26.gxf3 Rfd8 27.a4 Nd5 28.c4 bxc4 29.a5 Nb4
30.Ra4 Rb8 31.Rxc4 Nd5 32.Rc1 Rd6 33.Rac4 Rbd8 34.Rb1 Kg7 35.Rc5 Nf4 36.Rb7 Rxd4
37.Rcc7 Rf8 38.Rc4 e5 39.Rxd4 exd4 40.Bxa6 d3 41.Rd7 Ra8 42.Bc4 Rxa5 43.Rxf7+ Kh8
44.Rxf4 d2 45.Rf8+ Kg7 46.Rf7+ Kh8 47.Bb3 Ra3 48.Rf8+ Kg7 49.Rf7+ Kh8 50.Rf8+ Kg7
51.Rg8+ Kh7 52.Rd8 Rxb3 53.Kg2 Rb2 54.Rd7+ Kg8 55.f4 Kf8 56.Kg3 Ke8 57.Rd4 Kf7
58.f3 Kf6 59.Rd6+ Kf5 60.Rd5+ Kf6 61.Kg4 h5+ 62.Kg3 Ke6 63.Rd8 Ra2  1/2-1/2

[Event "Masters"]
[Site "Grenoble FRA"]
[Date "2002.06.28"]
[Round "7"]
[White "Foisor,O"]
[Black "Masserey,Y"]
[Result "1/2-1/2"]
[WhiteElo "2431"]
[BlackElo "2340"]

1.c4 c6 2.Nf3 d5 3.e3 Nf6 4.Nc3 a6 5.d4 b5 6.b3 Bg4 7.h3 Bxf3 8.gxf3 Nbd7
9.f4 e6 10.c5 g6 11.Bb2 Bg7 12.Qc2 Ng8 13.Bd3 Ne7 14.O-O-O O-O 15.Rdg1 Nf5
16.Qe2  1/2-1/2

[Event "ch-HUN Places"]
[Site "Balatonlelle HUN"]
[Date "2002.06.??"]
[Round "1"]
[White "Horvath,Jo"]
[Black "Horvath,Cs"]
[Result "1/2-1/2"]
[WhiteElo "2548"]
[BlackElo "2539"]

1.c4 c6 2.e4 e5 3.Nf3 d6 4.d4 Nd7 5.Nc3 Ngf6 6.Be2 Be7 7.O-O O-O 8.Be3 Re8
9.d5 c5 10.Nd2 Nf8 11.a3 Ng6 12.g3 h6 13.b4 b6 14.bxc5 bxc5 15.Rb1 Bh3 16.Re1 Nh7
17.Bg4 Bxg4 18.Qxg4 Bg5 19.Bxg5 Nxg5 20.Rb3 Rb8 21.Reb1 Rxb3 22.Rxb3 Nh7
23.Kg2 Nf6 24.Qe2 a6 25.Nf1 Nd7 26.Qg4 Nf6 27.Qe2 Nd7 28.Ne3 Ne7 29.Rb7 Nf6
30.Qb2 Qa5 31.Ned1 Ng6 32.Qb6 Qxa3 33.Qxd6 Nh5 34.Qd7 Rf8 35.Qf5 Nf6 36.d6 Qc1
37.Qf3 Qd2 38.Nd5 Nxe4 39.Qxe4 Qxd1 40.d7 f5 41.Qe3 f4 42.Qf3 Qd4 43.Qg4 f3+  1/2-1/2

[Event "1st GM"]
[Site "Bogny sur Meuse FRA"]
[Date "2002.07.02"]
[Round "6"]
[White "Tirard,H"]
[Black "Laurent,B"]
[Result "1/2-1/2"]
[WhiteElo "2401"]
[BlackElo "2294"]

1.c4 c6 2.e4 d5 3.exd5 cxd5 4.d4 Nf6 5.Nc3 Nc6 6.Nf3 Bg4 7.cxd5 Nxd5 8.Qb3 Bxf3
9.gxf3 e6 10.Qxb7 Nxd4 11.Bb5+ Nxb5 12.Qxb5+ Qd7 13.Qxd7+ Kxd7 14.Nxd5 exd5
15.Be3 Bb4+ 16.Ke2 Rhc8 17.Kd3 Ke6 18.Rhg1 g6 19.Rg4 a5 20.Bd4 Kf5 21.h4 f6
22.h5 g5  1/2-1/2

[Event "FSGM July"]
[Site "Budapest HUN"]
[Date "2002.07.06"]
[Round "1"]
[White "Toth,An1"]
[Black "Csom,I"]
[Result "1/2-1/2"]
[WhiteElo "2401"]
[BlackElo "2448"]

1.c4 c6 2.Nf3 d5 3.d4 Nf6 4.cxd5 cxd5 5.Nc3 Nc6 6.Bf4 Bf5 7.e3 e6 8.Bd3 Bxd3
9.Qxd3 Bd6 10.Bxd6 Qxd6 11.O-O O-O 12.Rfc1 Rfc8 13.a3 a6 14.Rc2  1/2-1/2

[Event "FSIMB July"]
[Site "Budapest HUN"]
[Date "2002.07.06"]
[Round "1"]
[White "Hardicsay,P"]
[Black "Le Dinh Tuan"]
[Result "1/2-1/2"]
[WhiteElo "2302"]
[BlackElo "2361"]

1.c4 c6 2.Nf3 d5 3.d4 Nf6 4.Nc3 dxc4 5.a4 e6 6.e3 c5 7.Bxc4 cxd4 8.exd4 Be7
9.O-O O-O 10.Qe2 Nc6 11.Rd1 Nb4 12.Ne5 Nfd5 13.Ne4 Bd7 14.Ra3 f6 15.Nxd7 Qxd7
16.Bb5 Nc6 17.Rh3 g6 18.Nc5 Bxc5 19.dxc5 Rad8 20.Rhd3 Rfe8 21.Be3 a6 22.Bc4 Ncb4
23.Bxd5 Nxd5 24.Rd4  1/2-1/2

[Event "FSGM July"]
[Site "Budapest HUN"]
[Date "2002.07.07"]
[Round "2"]
[White "Csom,I"]
[Black "Bui Vinh"]
[Result "1/2-1/2"]
[WhiteElo "2448"]
[BlackElo "2444"]

1.c4 c6 2.Nf3 d5 3.Qc2 Nf6 4.d4 g6 5.Nbd2 Bg7 6.e3 O-O 7.Be2 Bf5 8.Qb3 Qb6
9.O-O Nbd7 10.Qa3 Rfe8 11.Nb3 Bg4 12.cxd5 Nxd5 13.Bd2 Qc7 14.h3 Bxf3 15.Bxf3 e6
16.Qa5 Rac8 17.Qxc7 Rxc7 18.Rac1 N5b6 19.Rc2 e5 20.dxe5 Nxe5 21.Be2 Rd8 22.Ba5 Bf8
23.Bc3 Bg7 24.Ba5 Bf8 25.Bc3 Bg7  1/2-1/2

[Event "ch-SCO"]
[Site "Stirling SCO"]
[Date "2002.07.08"]
[Round "3"]
[White "Grant,J"]
[Black "Beaton,K"]
[Result "1/2-1/2"]
[WhiteElo "2201"]
[BlackElo "2103"]

1.c4 c6 2.e4 e6 3.d4 d5 4.e5 c5 5.Nf3 cxd4 6.Nxd4 Nc6 7.Nc3 Bb4 8.Nxc6 bxc6
9.Qa4 Bxc3+ 10.bxc3 Bd7 11.Qb4 Qb8 12.Rb1 Qxe5+ 13.Be2 f5 14.cxd5 cxd5 15.Ba3 Kf7
16.Kf1 Nf6 17.Qe7+ Kg6 18.h4 h6 19.Rh3 Kh7 20.Rg3 Rhg8 21.Bd3 Rae8 22.Qf7 Ne4
23.Bxe4 Qxe4 24.Rb7 f4 25.Rf3 Bb5+ 26.Kg1 Be2 27.Rxf4 Qc2 28.Kh2 Qg6 29.Qxg6+ Kxg6
30.g4 Bc4 31.h5+ Kh7 32.Bc5 e5 33.Rff7 e4 34.Bxa7 Ra8 35.Bc5 Rxa2  1/2-1/2

[Event "XX Open"]
[Site "Andorra la Vella AND"]
[Date "2002.07.10"]
[Round "5"]
[White "Marin,M"]
[Black "Lopez Martinez,J"]
[Result "1/2-1/2"]
[WhiteElo "2548"]
[BlackElo "2452"]

1.c4 c6 2.d4 d5 3.Nc3 Nf6 4.e3 a6 5.Qc2 g6 6.Nf3 Bg7 7.Be2 O-O 8.O-O Bg4
9.h3 Bxf3 10.Bxf3 dxc4 11.b3 c5 12.Bxb7 Ra7 13.Bf3 cxd4 14.exd4 cxb3 15.axb3 Rd7
16.Be3 Ne8 17.d5 Qc8 18.Rac1 Rc7 19.Bd2 Nd6 20.Qd3 Nd7 21.Be2 Nc5 22.Qb1 Qb7
23.b4 Nd7 24.Qa2 Ra8 25.Na4 Bd4 26.Rxc7 Qxc7 27.Rc1 Qa7 28.Be1 Rb8 29.Rc6 Nb5
30.Nb2 a5 31.Bxb5 Rxb5 32.Nd3 axb4 33.Qc4 Rb8 34.Bxb4 Qa1+ 35.Kh2 Ne5 36.Nxe5 Bxe5+
37.g3  1/2-1/2

[Event "S&WYM"]
[Site "Millfield School ENG"]
[Date "2002.07.10"]
[Round "1"]
[White "Dearing,E"]
[Black "Woodward,T"]
[Result "1-0"]
[WhiteElo "2343"]
[BlackElo "2211"]

1.c4 c6 2.g3 d5 3.Bg2 Nf6 4.Nf3 Bf5 5.cxd5 cxd5 6.Qb3 Bc8 7.O-O e6 8.d3 Be7
9.e4 Nc6 10.Nc3 O-O 11.Bf4 Qa5 12.Rac1 d4 13.Nb5 a6 14.Nd6 Qb4 15.Qxb4 Nxb4
16.Rc7 Nc6 17.Nxc8 Rfxc8 18.Rxb7 Bc5 19.Rc1 Bf8 20.Ne5 Nxe5 21.Rxc8 Rxc8
22.Bxe5 Rc1+ 23.Bf1 Ng4 24.Bxd4 e5 25.Ba7 Nxh2 26.Kxh2 Rxf1 27.Rb8 Rc1 28.b4  1-0

[Event "FSIMC July"]
[Site "Budapest HUN"]
[Date "2002.07.11"]
[Round "6"]
[White "Egeli,P"]
[Black "Partenheimer,A"]
[Result "1/2-1/2"]
[WhiteElo "2312"]
[BlackElo "2208"]

1.c4 c6 2.Nf3 Nf6 3.b3 d5 4.g3 Bg4 5.Bg2 e6 6.O-O Nbd7 7.Bb2 Bd6 8.d4 O-O
9.Nbd2 Qe7 10.Re1 Ba3 11.Qc1 Bxb2 12.Qxb2 Bh5 13.Rac1 a5 14.a3 h6 15.e3 Bg6
16.cxd5 exd5 17.b4 axb4 18.axb4 Bd3 19.Bf1 Bxf1 20.Rxf1 Rfe8 21.Rc2 Ra4 22.b5 Rb4
23.Qa1 Rxb5 24.Rb1 Rxb1+ 25.Qxb1 Rb8 26.Qa2 Ne8 27.Qa5 Nd6 28.Qb4 Kf8 29.Qb1 Ra8
30.Rb2 Ra7 31.Qh7 Qf6 32.Kg2 Ke7 33.h4 Ra8 34.Qc2 g6 35.Qc3 Nb5 36.Qc2 g5
37.Qd3 g4 38.Ne1 Ra3 39.Qc2 Qg6 40.Qc1 Ra8 41.Rb3 Qd6 42.Nd3 Ra3 43.Nf4 Rxb3
44.Nxb3 Qb4 45.Qd1 Nc3 46.Qc2 Ne4 47.Nd3 Qc4 48.Qb1 Qc3 49.Nbc1 b6 50.Ne2 Qd2
51.Nef4 Kd6 52.Qb3 Qc3 53.Qa4 Qa5 54.Qb3 b5 55.h5 f6 56.Qd1 f5 57.Qb1 Nb6
58.Ne5 Qd2 59.Ned3 Nc4 60.Qa1 Nxe3+ 61.Kh2 Nxf2 62.Qa3+ b4 63.Qxb4+ Qxb4
64.Nxb4 Ne4 65.Nbd3 c5 66.Ne5 c4 67.Nf7+ Kc6 68.Nxh6 Nf1+ 69.Kg2 Nfxg3 70.Ng8 Nxh5
71.Ne7+ Kb5 72.Nxh5 c3 73.Nf4 Kc4 74.Nxf5 c2 75.Ne3+  1/2-1/2

[Event "2nd Pentium4"]
[Site "Milan ITA"]
[Date "2002.07.11"]
[Round "3"]
[White "Borgo,G"]
[Black "Sedina,E"]
[Result "1-0"]
[WhiteElo "2420"]
[BlackElo "2416"]

1.c4 c6 2.d4 d5 3.Nc3 Nf6 4.e3 a6 5.a4 e6 6.Nf3 c5 7.Be2 Nc6 8.O-O Be7 9.Ne5 O-O
10.Bf3 dxc4 11.Bxc6 bxc6 12.Nxc6 Qc7 13.Nxe7+ Qxe7 14.b3 cxb3 15.Ba3 Qb7
16.Bxc5 Rd8 17.Rb1 Rb8 18.a5 Nd5 19.Nxd5 Rxd5 20.Bb6 Bd7 21.Qd2 Rb5 22.Rfc1 Rc8
23.f3 f5 24.Kf2 Bc6 25.Qc3 Bd7 26.Bc5 Qc7 27.Rb2 Qxa5 28.Qxa5 Rxa5 29.Rxb3 e5
30.Rcb1 Rb5 31.Rxb5 Bxb5 32.Rb2 Kf7 33.Bd6 exd4 34.exd4 g6 35.h4 Ke6 36.Be5 Kd5
37.Ke3 Rc3+ 38.Kf4 Rc1 39.Kg5 Kc4 40.Kh6 a5 41.d5 a4 42.Rd2 Rh1 43.Bf6 a3
44.d6 Bd7 45.Kxh7 g5 46.Bxg5 Kc3 47.Re2 Kb3 48.Re3+ Kb4 49.Bf6 Rd1 50.h5 a2
51.Kg7 f4 52.Re2 Kb3 53.Rb2+ Ka3 54.Rb6 Rg1 55.Kf7 Rxg2 56.Ke7 Ba4 57.d7 Bxd7
58.Kxd7 Rh2 59.h6 Ka4 60.Bg7 Ka5 61.Rb8 Ka4 62.Ke7 Rh3 63.Kf7 Ka3 64.Kg6 Rg3+
65.Kf5 Rxf3 66.h7 Rh3 67.h8=Q Rxh8 68.Rxh8 f3 69.Ke4 f2 70.Rh1  1-0

[Event "Dutch Open"]
[Site "Dieren NED"]
[Date "2002.07.13"]
[Round "5"]
[White "Janssen,R"]
[Black "Hamelink,D"]
[Result "1-0"]
[WhiteElo "2468"]
[BlackElo "2114"]

1.c4 c6 2.e4 d5 3.exd5 cxd5 4.d4 Nc6 5.cxd5 Qxd5 6.Nf3 e6 7.Nc3 Qa5 8.Bd3 Nf6
9.O-O Be7 10.Qe2 O-O 11.a3 Rd8 12.Rd1 a6 13.h3 b5 14.Bg5 Bb7 15.Ne4 Ne8 16.Nc5 Qc7
17.Qe4 g6 18.Nxb7 Qxb7 19.Bxe7 Qxe7 20.Qxc6 Nf6 21.Qc5  1-0

[Event "Jacques Lemans Open"]
[Site "St Veiter AUT"]
[Date "2002.07.13"]
[Round "8"]
[White "Genser,H"]
[Black "Hafner,R"]
[Result "1/2-1/2"]
[WhiteElo "2248"]
[BlackElo "2145"]

1.c4 c6 2.d4 d5 3.Nf3 Nf6 4.e3 Bf5 5.cxd5 cxd5 6.Nc3 e6 7.Ne5 Nfd7 8.g4 Bg6
9.Nxg6 hxg6 10.Qb3 Qb6 11.Qxb6 Nxb6 12.Bd2 Nc6 13.a4 Bb4 14.Nb5 Kd7 15.a5 Nc8
16.Bxb4 Nxb4 17.Kd2 Nd6 18.f3 Nxb5 19.Bxb5+ Kd6 20.Ra4 Nc6 21.h3 Rac8 22.Bf1 Rc7
23.Bg2 Rhc8 24.Rc1 Ne7 25.Rc3 g5 26.Bf1 f6 27.Rxc7 Rxc7 28.Bd3 Nc6 29.b4 a6
30.b5 axb5 31.Bxb5 Nb8 32.a6 bxa6 33.Bxa6 Ra7 34.Bb5 Rxa4 35.Bxa4 Nc6 36.Kc3 e5
37.Bxc6 Kxc6 38.Kb4 exd4 39.exd4 Kb6 40.Ka4 Ka6  1/2-1/2

[Event "Jacques Lemans Open"]
[Site "St Veiter AUT"]
[Date "2002.07.13"]
[Round "8"]
[White "Molzahn,N"]
[Black "Schwab,R"]
[Result "0-1"]
[WhiteElo "2081"]
[BlackElo "2246"]

1.c4 c6 2.d4 b5 3.cxb5 cxb5 4.e4 Bb7 5.Nd2 Qb6 6.Ngf3 e6 7.Bd3 Nc6 8.O-O Nf6
9.d5 Nb4 10.Bb1 exd5 11.e5 Ne4 12.a3 Nxd2 13.Qxd2 Na6 14.Qf4 h6 15.b4 Nc7
16.Be3 Ne6 17.Bxb6 Nxf4 18.Be3 Ne6 19.Bd3 a6 20.Rfc1 Bc6 21.Nd4 Nxd4 22.Bxd4 Be7
23.f4 O-O 24.Be2 a5 25.Rab1 axb4 26.axb4 Rfe8 27.Bf3 g5 28.g3 Ra3 29.Kg2 Rea8
30.f5 Rd3 31.Bf2 Ra2 32.e6 Rdd2 33.exf7+ Kxf7 34.Rf1 Bf6 35.Kg1 d4 36.Bxc6 dxc6
37.Rbd1 Re2 38.Rd3 Reb2 39.h3 Rxb4 40.Rc1 Rc4  0-1

[Event "3rd Stage Russian Cup"]
[Site "Tomsk RUS"]
[Date "2002.07.13"]
[Round "6"]
[White "Zablotsky,S"]
[Black "Saveljev,V"]
[Result "1/2-1/2"]
[WhiteElo "2388"]
[BlackElo "2265"]

1.c4 c6 2.Nf3 d5 3.d4 Nf6 4.e3 Bf5 5.Nc3 e6 6.Nh4 Bg4 7.Qb3 Qb6 8.f3 Bh5
9.g4 Bg6 10.Qxb6 axb6 11.g5 Nfd7 12.cxd5 exd5 13.e4 dxe4 14.fxe4 Bb4  1/2-1/2

[Event "XX Open"]
[Site "Andorra la Vella AND"]
[Date "2002.07.14"]
[Round "9"]
[White "Oratovsky,M"]
[Black "Candela Perez,J"]
[Result "1-0"]
[WhiteElo "2556"]
[BlackElo "2426"]

1.c4 c6 2.d4 d5 3.Nf3 e6 4.Nc3 dxc4 5.e3 b5 6.a4 Bb4 7.Bd2 Qe7 8.axb5 Bxc3
9.Bxc3 cxb5 10.d5 Nf6 11.d6 Qb7 12.b3 cxb3 13.Qxb3 a6 14.Be2 Nbd7 15.O-O O-O
16.Qb2 Qb6 17.Ba5 Qb8 18.Bc7 Qb7 19.Rfc1 Nd5 20.Ba5 Ra7 21.Nd4 Nb8 22.Bf3 Qa8
23.Bb6 Rb7 24.Nf5 exf5 25.Bxd5 Be6 26.Bf3 Nd7 27.Bd4 Qb8 28.Bxb7 Qxb7 29.Bxg7 Rd8
30.Bh8 f6 31.Bxf6 Rf8 32.Be7 Ra8 33.Qb4 Kf7 34.Bh4 Rg8 35.Bg3 Rg4 36.Qb2 h5
37.Rc7 Qa8 38.f3 Rg8 39.Qd4 Qb8 40.Qh4 b4 41.Qe7+  1-0

[Event "1st Open"]
[Site "Condom FRA"]
[Date "2002.07.14"]
[Round "2"]
[White "Miezis,N"]
[Black "Marciniak,A"]
[Result "1-0"]
[WhiteElo "2483"]
[BlackElo "2168"]

1.c4 c6 2.e4 d5 3.cxd5 cxd5 4.exd5 Nf6 5.Bb5+ Nbd7 6.Nc3 g6 7.d4 Bg7 8.d6 exd6
9.Qe2+ Qe7 10.Bf4 Qxe2+ 11.Bxe2 Ke7 12.Bf3 Nb6 13.Nge2 Be6 14.Bxb7 Rab8 15.Bf3 h6
16.O-O Nbd5 17.b3 Rhc8 18.Bd2 Rc7 19.Rfc1 Rbc8 20.Nb5 Rxc1+ 21.Rxc1 Rxc1+
22.Nxc1 a6 23.Na3 Ne8 24.Ne2 Nec7 25.Be4 f5 26.Bd3 g5 27.f3 Nf4 28.Bxf4 gxf4
29.Nc2 a5 30.Nxf4 a4 31.Bc4 axb3 32.axb3  1-0

[Event "FSIMB July"]
[Site "Budapest HUN"]
[Date "2002.07.15"]
[Round "10"]
[White "Metaxasz,V"]
[Black "Le Dinh Tuan"]
[Result "1/2-1/2"]
[WhiteElo "2181"]
[BlackElo "2361"]

1.c4 c6 2.g3 d5 3.Bg2 Nf6 4.Nf3 Bf5 5.cxd5 cxd5 6.Qb3 Qb6 7.Qxb6 axb6 8.d3 e6
9.O-O Nc6 10.Nc3 Bc5 11.Bf4 h6 12.Nb5 Ke7 13.h3 Ra5 14.a4 g5 15.Bd2 Raa8
16.Bc3 Rhd8 17.Nfd4 Bg6 18.f4 gxf4 19.gxf4 Bh5 20.Rf2 Rg8 21.Kh2 Ne8 22.Bf3 Bxf3
23.Rxf3 Nd6 24.b3 Rac8 25.Nxd6 Bxd6 26.Nb5 Bb8 27.Rg1 Rxg1 28.Kxg1 Na7 29.Bb4+ Kd7
30.f5 Rg8+ 31.Kf2 Nxb5 32.fxe6+ Kxe6 33.axb5 d4 34.Bd2 h5 35.Bf4 f5 36.Bxb8 Rxb8
37.Kg3 Rd8 38.Kh4 Kf6 39.Rf4 Rd7 40.Kg3 Rd5 41.Kf3 Kg5 42.Kg3 Kf6 43.Kf3 Kg5
44.Kg3 Re5 45.Rxd4 Rxe2 46.h4+ Kf6 47.Rd7 Rb2 48.Kf4 Rf2+ 49.Kg3  1/2-1/2

[Event "CAN&QC Open"]
[Site "Montreal CAN"]
[Date "2002.07.21"]
[Round "10"]
[White "Hua,L"]
[Black "Fillion,S"]
[Result "1/2-1/2"]
[WhiteElo "2266"]
[BlackElo "2155"]

1.c4 c6 2.Nc3 d5 3.cxd5 cxd5 4.d4 Nf6 5.Bf4 e6 6.e3 Bd6 7.Bg3 O-O 8.Bd3 b6
9.Nf3 Ba6 10.a3 Bxd3 11.Qxd3 Nc6 12.O-O Bxg3 13.hxg3 Rc8 14.b4 Qe7 15.Rac1 Rfd8
16.Qb5 Ne8 17.Qa4 Qb7 18.b5 Na5 19.Na2 Nd6 20.Ne5 Ndc4 21.Nxc4  1/2-1/2

[Event "KB Czech Open"]
[Site "Pardubice CZE"]
[Date "2002.07.21"]
[Round "3"]
[White "Tomashevsky,E"]
[Black "Borovikov,V"]
[Result "0-1"]
[WhiteElo "2440"]
[BlackElo "2570"]

1.c4 c6 2.Nc3 d5 3.e3 Nf6 4.Nf3 e6 5.b3 Nbd7 6.Bb2 Bd6 7.Qc2 O-O 8.Be2 dxc4
9.bxc4 e5 10.O-O Re8 11.Ng5 Nc5 12.Rad1 e4 13.Ba3 Bf5 14.Bxc5 Bxc5 15.d3 exd3
16.Bxd3 Bxd3 17.Rxd3 Qa5 18.Nf3 Rad8 19.Rfd1 Rxd3 20.Rxd3 Rd8 21.Rxd8+ Qxd8
22.g3 Qe7 23.Qf5 g6 24.Qf4 Kg7 25.Kf1 h6 26.Qe5 Qxe5 27.Nxe5 Bb4 28.Nd1 Bd6
29.Nf3 Ne4 30.Ke2 h5 31.Nd4 Kf6 32.Nb3 Ke6 33.f3 Nc5 34.Nd4+ Kd7 35.Nc3 a6
36.e4 b5 37.cxb5 axb5 38.Ke3 Ne6 39.Nb3 Bb4 40.Ne2 c5 41.f4 c4 42.f5 cxb3
43.fxe6+ Kxe6 44.axb3 Ke5 45.Kd3 Bc5 46.Nc3 Bg1 47.h3 b4 48.Nd5 Bc5 49.Ne3 Bxe3
50.Kxe3 g5 51.Kd3 h4  0-1

[Event "Battle of Senta Open"]
[Site "Senta YUG"]
[Date "2002.07.21"]
[Round "5"]
[White "Tadic,B"]
[Black "Scekic,M"]
[Result "1/2-1/2"]
[WhiteElo "2465"]
[BlackElo "2404"]

1.c4 c6 2.e4 d5 3.exd5 cxd5 4.cxd5 Nf6 5.Qa4+ Nbd7 6.Nc3 g6 7.h4 Bg7 8.h5 Nxh5
9.g4 Nf6 10.Be2 O-O 11.g5 Nh5 12.Bxh5 gxh5 13.Rxh5 Qb6 14.Qe4 Qg6 15.Rh4 Ne5
16.Qxg6 fxg6 17.d4 Nd3+ 18.Ke2 Nxf2 19.Rf4 Rxf4 20.Bxf4 Bxd4 21.Be3 Bxe3
22.Kxe3 Ng4+ 23.Kd4 Bf5 24.Re1 Kf8 25.Nf3 Rd8 26.Kc4 h6 27.gxh6 Nxh6 28.Ng5 Nf7
29.Nh7+ Kg7 30.Rxe7 Rd7 31.Rxd7 Bxd7 32.Ne4  1/2-1/2